| Tag |
First Indicator |
Second Indicator |
Subfields |
| LEADER |
00000cam a2200000Ia 4500 |
| 001 |
in00003826521 |
| 006 |
m o d |
| 007 |
cr cn||||||||| |
| 008 |
100520r20082004enka ob 001 0 eng d |
| 005 |
20260609152921.3 |
| 020 |
|
|
|a 9781615833221
|q (electronic bk.)
|
| 020 |
|
|
|a 1615833226
|q (electronic bk.)
|
| 020 |
|
|
|a 9780852961070
|
| 020 |
|
|
|a 0852961073
|
| 035 |
|
|
|a (OCoLC)623801071
|
| 037 |
|
|
|b Knovel Corporation
|n http://www.knovel.com
|
| 040 |
|
|
|a KNOVL
|b eng
|e pn
|c KNOVL
|d DEBSZ
|d OCLCQ
|d KNOVL
|d ZCU
|d KNOVL
|d OCLCF
|d OCLCO
|d KNOVL
|d OCLCQ
|d UtOrBLW
|
| 049 |
|
|
|a TXAM
|
| 050 |
|
4 |
|a TK2821
|b .S82 2008eb
|
| 082 |
0 |
4 |
|a 621.317
|2 22
|
| 100 |
1 |
|
|a Stewart, Stan.
|0 http://id.loc.gov/authorities/names/nb2004013727
|
| 245 |
1 |
0 |
|a Distribution switchgear /
|c Stan Stewart.
|
| 264 |
|
1 |
|a London :
|b Institution of Engineering and Technology,
|c 2008.
|
| 300 |
|
|
|a 1 online resource (xiv, 246 pages) :
|b illustrations.
|
| 336 |
|
|
|a text
|b txt
|2 rdacontent
|
| 337 |
|
|
|a computer
|b c
|2 rdamedia
|
| 338 |
|
|
|a online resource
|b cr
|2 rdacarrier
|
| 490 |
1 |
|
|a IEE power and energy series ;
|v 46
|
| 500 |
|
|
|a Originally published 2004.
|
| 504 |
|
|
|a Includes bibliographical references and index.
|
| 588 |
0 |
|
|a Print version record.
|
| 500 |
|
|
|a Electronic resource.
|
| 650 |
|
0 |
|a Electric switchgear.
|0 http://id.loc.gov/authorities/subjects/sh85042009
|
| 650 |
|
6 |
|a Interrupteurs électriques.
|
| 650 |
|
7 |
|a Electric switchgear.
|2 fast
|0 (OCoLC)fst00905922
|
| 655 |
|
7 |
|a Electronic books.
|2 local
|
| 710 |
2 |
|
|a Knovel (Firm)
|0 http://id.loc.gov/authorities/names/nr2001027264
|
| 710 |
2 |
|
|a Institution of Engineering and Technology.
|0 http://id.loc.gov/authorities/names/no2006040878
|
| 776 |
1 |
8 |
|i Print version:
|a Stewart, Stan.
|t Distribution switchgear.
|d London : Institution of Engineering and Technology, 2008
|z 0852961073
|w (DLC) 2006494128
|
| 830 |
|
0 |
|a IEE power and energy series ;
|v 46.
|
| 856 |
4 |
0 |
|u http://proxy.library.tamu.edu/login?url=https://app.knovel.com/hotlink/toc/id:kpDS000003/distribution-switchgear
|z Connect to the full text of this electronic book
|t 0
|
| 999 |
f |
f |
|s ccc5d902-24af-31fc-bc02-2434896806f5
|i b419e122-e7ee-3062-bb25-1c44cc47b458
|t 0
|
| 952 |
f |
f |
|a Texas A&M University
|b College Station
|c Electronic Resources
|s www_evans
|d Available Online
|t 0
|e TK2821 .S82 2008eb
|h Library of Congress classification
|
| 998 |
f |
f |
|a TK2821 .S82 2008eb
|t 0
|l Available Online
|